[Event "Festival INGEM - PLZEŇ 2013"]
[Site "Plzeň (Česká republika)"]
[Date "2013.08.24"]
[Round "9.13"]
[White "Kalista, Karel"]
[Black "Sladek, Jaroslav"]
[Result "0-1"]
[WhiteElo "1880"]
[BlackElo "2034"]
[PlyCount "65"]
[EventDate "2013.08.17"]
[Source "ChessBase"]
[SourceDate "1996.11.15"]

1. d4 d5 2. c4 e6 3. Nc3 c5 4. e3 Nf6 5. Nf3 a6 6. cxd5 exd5 7. dxc5 Bxc5 8.
Nd4 Nc6 9. Be2 Nxd4 10. exd4 Ba7 11. O-O Qd6 12. Bg5 Ne4 13. Nxe4 dxe4 14. d5
O-O 15. Bh4 f5 16. Qb3 f4 17. Be7 Qg6 18. Bxf8 f3 19. Bxf3 exf3 20. Qxf3 Bg4
21. Qb3 Rxf8 22. Rae1 Bf3 23. d6+ Kh8 24. g3 Qxd6 25. Re6 Qd5 26. Qxd5 Bxd5 27.
Re7 Bc6 28. a4 Bc5 29. Re5 Bd4 30. Re2 Bc5 31. Re4 b6 32. a5 Bb5 33. Rd1 {
dale necitelne} 0-1

[Event "Festival INGEM - PLZEŇ 2013"]
[Site "Plzeň (Česká republika)"]
[Date "2013.08.24"]
[Round "9.14"]
[White "Stengl, Jaroslav"]
[Black "Kopriva, Martin"]
[Result "1/2-1/2"]
[WhiteElo "1990"]
[BlackElo "1816"]
[PlyCount "32"]
[EventDate "2013.08.17"]
[Source "ChessBase"]
[SourceDate "1996.11.15"]

1. d4 d5 2. c4 e6 3. Nc3 Nf6 4. Bf4 c6 5. e3 Be7 6. Nf3 O-O 7. h3 Nbd7 8. Qc2
a6 9. c5 b6 10. cxb6 Qxb6 11. Be2 c5 12. dxc5 Nxc5 13. O-O Bb7 14. Rac1 Rac8
15. Qb1 Rfd8 16. Rfd1 h6 1/2-1/2

[Event "Festival INGEM - PLZEŇ 2013"]
[Site "Plzeň (Česká republika)"]
[Date "2013.08.24"]
[Round "9.15"]
[White "Janecek, Pavel"]
[Black "Kocandova, Martina"]
[Result "0-1"]
[WhiteElo "1892"]
[BlackElo "1743"]
[PlyCount "146"]
[EventDate "2013.08.17"]
[Source "ChessBase"]
[SourceDate "1996.11.15"]

1. e4 e5 2. Nc3 Nf6 3. f4 d5 4. fxe5 Nxe4 5. Nf3 Bg4 6. Qe2 Nxc3 7. dxc3 c6 8.
Bf4 Qb6 9. O-O-O Bc5 10. h3 Bxf3 11. Qxf3 O-O 12. Bd3 Re8 13. Rde1 a5 14. Rhf1
Nd7 15. Qg4 Nf8 16. Qf5 g6 17. Qg4 Ne6 18. Bd2 Bf8 19. h4 Bg7 20. h5 Qc7 21.
hxg6 fxg6 22. Qg3 b5 23. Rh1 Nf8 24. Bf4 Ne6 25. Bd2 Nf8 26. Bf4 Ne6 27. Bd2
Nf8 28. Bf4 Ne6 29. Rxh7 Nxf4 30. Rxg7+ Kxg7 31. Qxf4 Qf7 32. Qg4 Qe6 33. Qg5
Rh8 34. Rf1 Raf8 35. Re1 Rh5 36. Qe3 Re8 37. Qa7+ Re7 38. Qxa5 Rxe5 39. Rxe5
Qxe5 40. b3 Qe1+ 41. Kb2 d4 42. Qb4 Qxc3+ 43. Qxc3 dxc3+ 44. Kxc3 Ra7 45. Kb4
Re7 46. Kc5 Re5+ 47. Kxc6 b4 48. Bc4 Ra5 49. Kb6 Rxa2 50. Bd3 Ra8 51. Kc5 Rb8
52. Bb5 Rc8+ 53. Kxb4 Rxc2 54. g4 Kf6 55. Ka5 g5 56. b4 Ke7 57. Bd3 Rc3 58. Bf5
Kd6 59. Kb6 Rf3 60. b5 Rxf5 61. gxf5 g4 62. f6 g3 63. f7 Ke7 64. Kc7 g2 65. b6
g1=Q 66. b7 Qc5+ 67. Kb8 Kxf7 68. Ka8 Qa5+ 69. Kb8 Ke7 70. Kc8 Qc5+ 71. Kb8 Kd7
72. Ka8 Qa5+ 73. Kb8 Kc6 0-1

[Event "Festival INGEM - PLZEŇ 2013"]
[Site "Plzeň (Česká republika)"]
[Date "2013.08.24"]
[Round "9.16"]
[White "Roew, Rolf"]
[Black "Pokrupa, Marek"]
[Result "0-1"]
[WhiteElo "1819"]
[BlackElo "2192"]
[PlyCount "72"]
[EventDate "2013.08.17"]
[Source "ChessBase"]
[SourceDate "1996.11.15"]

1. e4 d6 2. d4 Nf6 3. Nf3 Nxe4 4. Bd3 Nf6 5. Bg5 Nbd7 6. O-O e6 7. Nc3 Be7 8.
Re1 O-O 9. Qd2 b6 10. Qf4 Bb7 11. Qh4 Re8 12. Re3 h6 13. Bxh6 gxh6 14. Qxh6 Bf8
15. Qh4 Bxf3 16. Rxf3 Bg7 17. Re1 Kf8 18. Rg3 Ng8 19. Qg4 Qf6 20. Rf3 Nh6 21.
Qh5 Qxd4 22. Re4 Qc5 23. Qh3 Ne5 24. Rg3 Nxd3 25. cxd3 Qf5 26. Qh4 Qf6 27. Qh5
Nf5 28. Rh3 d5 29. Rg4 Qh6 30. Qxh6 Bxh6 31. Ne2 c5 32. Ng3 b5 33. Nh5 Ke7 34.
Ng3 Bc1 35. Nxf5+ exf5 36. Rg7 Kf6 0-1

[Event "Festival INGEM - PLZEŇ 2013"]
[Site "Plzeň (Česká republika)"]
[Date "2013.08.24"]
[Round "9.17"]
[White "Kopriva, Petr"]
[Black "Berka, Lubos"]
[Result "1/2-1/2"]
[WhiteElo "2061"]
[BlackElo "1800"]
[PlyCount "53"]
[EventDate "2013.08.17"]
[Source "ChessBase"]
[SourceDate "1996.11.15"]

1. c4 Nf6 2. Nc3 g6 3. e4 d6 4. d4 Bg7 5. Nf3 O-O 6. Be2 e5 7. O-O Nc6 8. d5
Ne7 9. Ne1 Ne8 10. Be3 f5 11. f3 fxe4 12. fxe4 Rxf1+ 13. Bxf1 Nf6 14. Be2 Bd7
15. Nd3 a6 16. c5 Qc8 17. Rc1 Ne8 18. Na4 Qd8 19. Qb3 Kh8 20. cxd6 Nxd6 21.
Nac5 b6 22. Nxd7 Qxd7 23. Nf2 Ng8 24. Qc2 Ra7 25. b3 Bh6 26. Bg4 Qe7 27. Bxh6
1/2-1/2

[Event "Festival INGEM - PLZEŇ 2013"]
[Site "Plzeň (Česká republika)"]
[Date "2013.08.24"]
[Round "9.18"]
[White "Novy, Daniel"]
[Black "Halla, Jiri"]
[Result "1/2-1/2"]
[WhiteElo "2021"]
[BlackElo "1816"]
[PlyCount "38"]
[EventDate "2013.08.17"]
[Source "ChessBase"]
[SourceDate "1996.11.15"]

1. e4 e6 2. d4 d5 3. exd5 exd5 4. Bd3 Nc6 5. c3 Bd6 6. Nf3 Bg4 7. O-O Nge7 8.
Re1 O-O 9. Bxh7+ Kh8 10. Bd3 Qd7 11. Bg5 f6 12. Bh4 Nf5 13. Bg3 Nxg3 14. hxg3
g5 15. Qc2 Ne7 16. Nbd2 Kg7 17. Nf1 Rh8 18. N3h2 Rh6 19. f3 Be6 1/2-1/2

[Event "Festival INGEM - PLZEŇ 2013"]
[Site "Plzeň (Česká republika)"]
[Date "2013.08.24"]
[Round "9.19"]
[White "Goldobin, Tomas"]
[Black "Hrdlicka, Vaclav"]
[Result "1/2-1/2"]
[WhiteElo "2019"]
[BlackElo "1725"]
[PlyCount "95"]
[EventDate "2013.08.17"]
[Source "ChessBase"]
[SourceDate "1996.11.15"]

1. c4 Nf6 2. Nc3 d5 3. cxd5 Nxd5 4. e4 Nxc3 5. bxc3 c5 6. Bb5+ Bd7 7. Bxd7+
Qxd7 8. d4 g6 9. Nf3 Bg7 10. O-O Nc6 11. Be3 O-O 12. Rc1 Rfd8 13. d5 Qc8 14.
Bxc5 e6 15. c4 Ne5 16. Nxe5 Qxc5 17. Nf3 Rac8 18. Qb3 b6 19. h3 Bh6 20. Rcd1
Qxc4 21. Qxc4 Rxc4 22. dxe6 Rxd1 23. exf7+ Kxf7 24. Rxd1 Ke6 25. e5 Ra4 26. Re1
Rc4 27. g3 Ra4 28. Re2 b5 29. Rc2 Rc4 30. Rb2 a6 31. Kf1 b4 32. Ke2 a5 33. Kd3
Rc3+ 34. Ke4 Bc1 35. Nd4+ Ke7 36. Re2 a4 37. Nb5 Rc5 38. Nd4 Rc3 39. Nb5 Rc5
40. Nd4 Rc3 41. Rc2 Rxc2 42. Nxc2 b3 43. axb3 axb3 44. Kd3 bxc2 45. Kxc2 Bh6
46. Kd3 Ke6 47. Ke4 g5 48. f4 1/2-1/2

[Event "Festival INGEM - PLZEŇ 2013"]
[Site "Plzeň (Česká republika)"]
[Date "2013.08.24"]
[Round "9.20"]
[White "Palkova, Hana"]
[Black "Heidebreck, Rainer"]
[Result "1-0"]
[WhiteElo "1992"]
[BlackElo "1761"]
[PlyCount "115"]
[EventDate "2013.08.17"]
[Source "ChessBase"]
[SourceDate "1996.11.15"]

1. d4 g6 2. c4 Bg7 3. Nc3 c5 4. e3 cxd4 5. exd4 Nf6 6. Nf3 O-O 7. h3 d5 8. Be3
Nc6 9. Be2 Re8 10. O-O Be6 11. b3 Rc8 12. Rc1 Qd7 13. Ng5 h6 14. Nxe6 Qxe6 15.
Qd2 Kh7 16. cxd5 Nxd5 17. Bc4 Rcd8 18. Nxd5 Rxd5 19. Bxd5 Qxd5 20. Rc5 Qd6 21.
d5 Ne5 22. Rfc1 Rd8 23. Bf4 e6 24. Qe3 g5 25. Bh2 exd5 26. Rc7 Re8 27. Rxf7
Nxf7 28. Qxe8 Qf6 29. Bg3 d4 30. Qe4+ Qg6 31. Qxg6+ Kxg6 32. Kf1 Nd8 33. Rc7
Bf6 34. Ke2 a6 35. Bd6 Bg7 36. Rxg7+ Kxg7 37. Be5+ Kg6 38. Bxd4 Ne6 39. Be5 Kf5
40. Bd6 Nd4+ 41. Kd3 Nb5 42. g4+ Kg6 43. Bb8 Na3 44. f4 gxf4 45. Bxf4 h5 46.
gxh5+ Kxh5 47. Bg3 Nb5 48. Kc4 Kg5 49. a4 Na7 50. Kc5 Nc6 51. Kb6 Kf6 52. Kxb7
Na5+ 53. Kxa6 Nxb3 54. a5 Ke6 55. Kb6 Kd5 56. a6 Nc5 57. a7 Nd7+ 58. Kb5 1-0

[Event "Festival INGEM - PLZEŇ 2013"]
[Site "Plzeň (Česká republika)"]
[Date "2013.08.24"]
[Round "9.21"]
[White "Cecil, Pavel"]
[Black "Simet, Martin"]
[Result "0-1"]
[WhiteElo "1941"]
[BlackElo "1708"]
[PlyCount "124"]
[EventDate "2013.08.17"]
[Source "ChessBase"]
[SourceDate "1996.11.15"]

1. d4 d5 2. Nf3 Nf6 3. c4 e6 4. Nc3 Be7 5. Bg5 Nbd7 6. e3 O-O 7. Bd3 h6 8. Bh4
c6 9. O-O Re8 10. Qc2 b6 11. cxd5 exd5 12. Rac1 Bb7 13. Rfd1 b5 14. a3 a5 15.
Na2 Qb6 16. Bf5 Bf8 17. Bxf6 Nxf6 18. Ne5 Ra6 19. Bd7 Nxd7 20. Nxd7 Qc7 21.
Nxf8 Rxf8 22. Nc3 Qe7 23. Ne2 f5 24. Nf4 Qe4 25. Ng6 Rf6 26. Ne5 Qxc2 27. Rxc2
Rd6 28. g3 g5 29. h3 Ba8 30. Rdc1 Kg7 31. f4 Rb6 32. b3 b4 33. Ra2 Bb7 34. Rc5
a4 35. bxa4 b3 36. Rb2 Ba6 37. a5 Rb8 38. Kf2 gxf4 39. exf4 h5 40. Ke3 h4 41.
g4 fxg4 42. hxg4 h3 43. Rc1 Rh6 44. g5 Rh5 45. Rh1 c5 46. Nd7 Rb5 47. Rhh2 c4
48. Kd2 Rxa5 49. Ne5 Rxa3 50. Nf3 Ra1 51. f5 Rf1 52. f6+ Kf8 53. Ke2 Ra1 54.
Kd2 Bb7 55. g6 Ra2 56. Kc3 Rxb2 57. Kxb2 Bc8 58. g7+ Kg8 59. Re2 Bd7 60. Re7
Rf5 61. Rxd7 Rxf6 62. Ng5 h2 0-1

[Event "Festival INGEM - PLZEŇ 2013"]
[Site "Plzeň (Česká republika)"]
[Date "2013.08.24"]
[Round "9.22"]
[White "Furbacher, Milan"]
[Black "Janska, Jitka"]
[Result "0-1"]
[WhiteElo "1599"]
[BlackElo "1939"]
[PlyCount "44"]
[EventDate "2013.08.17"]
[Source "ChessBase"]
[SourceDate "1996.11.15"]

1. e4 e5 2. Nf3 Nc6 3. Nc3 Nf6 4. d4 exd4 5. Nxd4 Bb4 6. Nxc6 bxc6 7. Bd3 d5 8.
exd5 cxd5 9. O-O O-O 10. Bg5 c6 11. Qf3 h6 12. Bh4 g5 13. Bxg5 hxg5 14. h4 Ng4
15. Rae1 Qd6 16. g3 gxh4 17. Re2 Qh6 18. Rfe1 hxg3 19. Qxg3 Bd6 20. Qg2 Qh2+
21. Qxh2 Nxh2 22. Kg2 Bg4 0-1

[Event "Festival INGEM - PLZEŇ 2013"]
[Site "Plzeň (Česká republika)"]
[Date "2013.08.24"]
[Round "9.24"]
[White "Bartosek, Ivan"]
[Black "Holy, Filip"]
[Result "0-1"]
[WhiteElo "1855"]
[BlackElo "1660"]
[PlyCount "92"]
[EventDate "2013.08.17"]
[Source "ChessBase"]
[SourceDate "1996.11.15"]

1. e4 c5 2. c3 e6 3. d4 d5 4. e5 Qb6 5. Nf3 Nc6 6. Be2 cxd4 7. cxd4 Bd7 8. O-O
Rc8 9. a3 Na5 10. b4 Nc4 11. Nbd2 Ne7 12. Nb3 Ba4 13. Qd3 Bxb3 14. Qxb3 Nf5 15.
Rd1 a6 16. Bf4 Be7 17. Rac1 Qc6 18. Rd3 O-O 19. g4 Nh6 20. h3 Qd7 21. Rdc3 b5
22. Bd3 f6 23. Qb1 f5 24. g5 Nf7 25. h4 g6 26. Kg2 Rc6 27. Kg3 Rfc8 28. Be2
Ncxe5 29. Rxc6 Nxc6 30. h5 Bd6 31. Bxd6 Nxd6 32. a4 Nc4 33. hxg6 hxg6 34. axb5
axb5 35. Bxc4 dxc4 36. Rd1 Qd6+ 37. Kg2 Qxb4 38. Qxb4 Nxb4 39. Rb1 c3 40. Ne1
c2 41. Rc1 Kf7 42. Kf3 Ke7 43. Ke2 Kd6 44. Kd2 Kd5 45. Nf3 Rc4 46. Ke3 Na2 0-1

[Event "Festival INGEM - PLZEŇ 2013"]
[Site "Plzeň (Česká republika)"]
[Date "2013.08.24"]
[Round "9.25"]
[White "Pokomandy, Mikulas"]
[Black "Truksa, Vaclav"]
[Result "1/2-1/2"]
[WhiteElo "1828"]
[BlackElo "1637"]
[PlyCount "58"]
[EventDate "2013.08.17"]
[Source "ChessBase"]
[SourceDate "1996.11.15"]

1. Nf3 c5 2. c4 Nf6 3. Nc3 d5 4. cxd5 Nxd5 5. g3 Nc6 6. Bg2 e6 7. O-O Be7 8. a3
O-O 9. e3 Nf6 10. Ne2 Qd3 11. Nf4 Qd8 12. Re1 e5 13. Ne2 h6 14. Kh1 e4 15. Nfg1
Ne5 16. Rf1 Nd3 17. h3 Bd6 18. Nf4 Bxf4 19. exf4 Qd4 20. Qe2 h5 21. Qe3 h4 22.
Qxd4 cxd4 23. Ne2 Rd8 24. g4 Be6 25. g5 Nh5 26. Bxe4 Nhxf4 27. Nxf4 Nxf4 28. d3
Nd5 29. Kh2 Rac8 1/2-1/2

[Event "Festival INGEM - PLZEŇ 2013"]
[Site "Plzeň (Česká republika)"]
[Date "2013.08.24"]
[Round "9.27"]
[White "Gabrys, Lukas"]
[Black "Zoubek, Vladimir"]
[Result "1-0"]
[WhiteElo "1759"]
[BlackElo "1675"]
[PlyCount "59"]
[EventDate "2013.08.17"]
[Source "ChessBase"]
[SourceDate "1996.11.15"]

1. e4 c5 2. Nf3 Nc6 3. d4 cxd4 4. Nxd4 d6 5. Be2 Nf6 6. Nc3 e6 7. O-O Be7 8.
Be3 Bd7 9. f4 a6 10. Qe1 Qc7 11. Qg3 Nxd4 12. Bxd4 g6 13. f5 e5 14. Be3 Bc6 15.
Qf3 b5 16. fxg6 fxg6 17. Bh6 Rg8 18. g4 Qb7 19. g5 Bxe4 20. Qf2 Bh1 21. gxf6
Bxf6 22. Bd3 Bh4 23. Qe2 Bd8 24. Ne4 Bb6+ 25. Kxh1 Ke7 26. Qf3 Kd8 27. Qf6+ Kc7
28. Qxd6+ Kc8 29. Qe6+ Kc7 30. Rf7+ 1-0

[Event "Festival INGEM - PLZEŇ 2013"]
[Site "Plzeň (Česká republika)"]
[Date "2013.08.24"]
[Round "9.29"]
[White "Ruzicka, Tomas"]
[Black "Kovarik, Matyas"]
[Result "0-1"]
[WhiteElo "1782"]
[BlackElo "1562"]
[PlyCount "100"]
[EventDate "2013.08.17"]
[Source "ChessBase"]
[SourceDate "1996.11.15"]

1. e4 e6 2. d4 d5 3. Nd2 c5 4. exd5 exd5 5. dxc5 Bxc5 6. Bd3 Nc6 7. Ne2 Nf6 8.
O-O O-O 9. Nf3 Bg4 10. Ng3 Nd4 11. Be2 Nxe2+ 12. Qxe2 Re8 13. Qd3 Qb6 14. b3
Ne4 15. Be3 Bxe3 16. Qxe3 Qxe3 17. fxe3 Nxg3 18. hxg3 Rxe3 19. Rad1 Rd8 20. Rd4
Bxf3 21. gxf3 Kf8 22. c4 Re2 23. Rf2 Rxf2 24. Kxf2 Ke7 25. cxd5 Kd6 26. Ke3
Re8+ 27. Kf4 Re5 28. g4 Rxd5 29. Ke4 Rxd4+ 30. Kxd4 h6 31. f4 g6 32. Ke3 Ke6
33. a3 b6 34. b4 b5 35. Kd4 h5 36. f5+ Kf6 37. fxg6 fxg6 38. gxh5 gxh5 39. Kc5
h4 40. Kxb5 h3 41. Ka6 h2 42. Kxa7 h1=Q 43. b5 Qa1 44. b6 Qxa3+ 45. Kb8 Ke6 46.
b7 Kd6 47. Kc8 Qc5+ 48. Kb8 Kc6 49. Ka8 Qa5+ 50. Kb8 Qc7+ 0-1

[Event "Festival INGEM - PLZEŇ 2013"]
[Site "Plzeň (Česká republika)"]
[Date "2013.08.24"]
[Round "9.30"]
[White "Bruna, Martin"]
[Black "Novy, Jan"]
[Result "1-0"]
[WhiteElo "1435"]
[BlackElo "1727"]
[PlyCount "64"]
[EventDate "2013.08.17"]
[Source "ChessBase"]
[SourceDate "1996.11.15"]

1. e4 d5 2. exd5 Nf6 3. Be2 Nxd5 4. d4 g6 5. Nf3 Bg7 6. O-O O-O 7. c4 Nf6 8.
Nc3 c6 9. h3 Nbd7 10. Be3 Qc7 11. Qd2 Re8 12. Bf4 Qd8 13. b4 Nh5 14. Bh2 e5 15.
dxe5 Qe7 16. g4 Nxe5 17. Nxe5 Bxe5 18. Bxe5 Qxe5 19. gxh5 Bxh3 20. f4 Qe3+ 21.
Qxe3 Rxe3 22. Rf3 Rae8 23. Kf2 Rxf3+ 24. Bxf3 Be6 25. Ne4 Re7 26. Nd6 Kg7 27.
a4 f5 28. hxg6 hxg6 29. Rg1 Kf6 30. c5 Bb3 31. Bd1 Be6 32. b5 Bd7 1-0